[Event "Lansing (MI Am/5/43)"]
[Site "?"]
[Date "1990.??.??"]
[Round "?"]
[White "Fletcher, G."]
[Black "Patterson, S."]
[Result "1-0"]
[WhiteElo "1605"]
[BlackElo "1605"]
[PlyCount "71"]
[EventDate "1990.??.??"]

{5/(43)} 1. d4 Nc6 2. d5 Ne5 3. e4 Nf6 4. Bf4 Ng6 5. Qf3 Nh4 6. Qg3 Ng6 7. Bxc7
Nxe4 8. Bxd8 Nxg3 9. hxg3 Kxd8 10. Nc3 a6 11. Bc4 Ne5 12. Bb3 d6 13. O-O-O Bg4
14. f3 Bd7 15. f4 Ng4 16. Nh3 Ne3 17. Rd2 e6 18. Ng5 Ke7 19. Re1 Nf5 20. dxe6
Bxe6 21. Nxe6 fxe6 22. Bxe6 Nxg3 23. Bd5+ Kd7 24. Bxb7 Ra7 25. Bf3 Nh5 26. Bxh5
g6 27. Bg4+ Kc7 28. Re8 h5 29. Rc8+ Kb6 30. Nd5+ Ka5 31. b4+ Kb5 32. Be2+ Ka4
33. Nc3+ Ka3 34. b5 Rf7 35. Rd4 Rhh7 36. Ra4# 1-0

[Event "Lansing (MI Am/1/20)"]
[Site "?"]
[Date "1990.??.??"]
[Round "?"]
[White "Fletcher, G."]
[Black "Kung, Fred"]
[Result "0-1"]
[WhiteElo "1605"]
[BlackElo "1880"]
[PlyCount "28"]
[EventDate "1990.??.??"]

{1/(20)} 1. d4 d5 2. c4 e6 3. Nc3 c5 4. Nf3 Nc6 5. Bg5 Qb6 6. b3 cxd4 7. Nb5
Bb4+ 8. Bd2 Bc5 9. Bf4 Bb4+ 10. Bd2 a6 11. Bxb4 axb5 12. Ba3 Rxa3 13. cxb5 Qxb5
14. Nxd4 Qb4+ 0-1

[Event "Detroit (MOR/4/21)"]
[Site "?"]
[Date "1990.??.??"]
[Round "?"]
[White "Fletcher, G."]
[Black "Group, J."]
[Result "1/2-1/2"]
[WhiteElo "1605"]
[BlackElo "1615"]
[PlyCount "69"]
[EventDate "1990.??.??"]

{4/(21)} 1. d4 d5 2. c4 e5 3. dxe5 d4 4. e3 Bb4+ 5. Bd2 dxe3 6. Qa4+ Nc6 7.
Bxb4 exf2+ 8. Kxf2 Qh4+ 9. g3 Qd4+ 10. Kg2 Qxb2+ 11. Be2 Qxa1 12. Nc3 Bd7 13.
Nf3 Bh3+ 14. Kxh3 Qxh1 15. Nd5 O-O-O 16. Ng5 Nh6 17. e6 fxe6 18. Nxe6 Rxd5 19.
cxd5 Qxd5 20. Nc5 Rf8 21. Nxb7 Qe6+ 22. g4 Qe3+ 23. Kh4 g5+ 24. Kh5 Qh3+ 25.
Kxg5 Rg8+ 26. Kf4 Qxh2+ 27. Kf3 Ne5+ 28. Ke3 Qg1+ 29. Ke4 Nhxg4 30. Nd6+ Kd8
31. Nb7+ Kc8 32. Nd6+ Kd8 33. Nb7+ Kc8 34. Nd6+ Kd8 35. Nb7+ 1/2-1/2

[Event "Detroit (MOR/7/20)"]
[Site "?"]
[Date "1990.??.??"]
[Round "?"]
[White "Fletcher, G."]
[Black "Griffin, John"]
[Result "1/2-1/2"]
[WhiteElo "1605"]
[BlackElo "1625"]
[PlyCount "92"]
[EventDate "1990.??.??"]

{7/(20)} 1. e4 c5 2. Nf3 Nc6 3. d4 cxd4 4. Nxd4 Nf6 5. Nc3 e5 6. Nxc6 bxc6 7.
Bc4 Bb4 8. O-O Bxc3 9. bxc3 O-O 10. Bg5 h6 11. Bh4 g5 12. Bg3 Qe7 13. Re1 d6
14. Qd2 Be6 15. Bb3 Nh5 16. Re3 Bxb3 17. cxb3 f6 18. Rd1 Rfd8 19. Qe2 Ng7 20.
h4 Rd7 21. hxg5 hxg5 22. c4 Kf7 23. Red3 Ne6 24. b4 Rad8 25. Bh2 Kg7 26. Rh3
Rh8 27. Rdd3 Rdd8 28. a4 Rxh3 29. Rxh3 Rh8 30. Rd3 Nd8 31. Qd2 Nf7 32. c5 Rd8
33. cxd6 Rxd6 34. b5 cxb5 35. axb5 Rxd3 36. Qxd3 Qc5 37. g3 Nd6 38. Kg2 Kf7 39.
f4 gxf4 40. gxf4 Qb4 41. fxe5 fxe5 42. Qd5+ Ke7 43. Qxe5+ Kd7 44. Qd5 Qxe4+ 45.
Qxe4 Nxe4 46. Bg1 Nc3 1/2-1/2

[Event "Detroit (MOR/3/35)"]
[Site "?"]
[Date "1990.??.??"]
[Round "?"]
[White "Fletcher, G."]
[Black "Choyke, J."]
[Result "1-0"]
[WhiteElo "1605"]
[BlackElo "1640"]
[PlyCount "53"]
[EventDate "1990.??.??"]

{3/(35)} 1. e4 d6 2. Nf3 c5 3. Nc3 a6 4. Bc4 e6 5. d4 cxd4 6. Nxd4 Qc7 7. Bb3
Nc6 8. Be3 Bd7 9. O-O Nge7 10. Qf3 Nxd4 11. Bxd4 Nc6 12. Rad1 Nxd4 13. Rxd4 Be7
14. Rfd1 O-O 15. Ne2 Bc6 16. Rc4 b5 17. Rc3 Rad8 18. Nd4 Bxe4 19. Qxe4 Qb6 20.
Nc6 Rd7 21. Bxe6 Rc7 22. Bf5 Bf6 23. Rxd6 Kh8 24. Rxf6 gxf6 25. Qh4 h5 26.
Qxh5+ Kg8 27. Qh7# 1-0

[Event "Flint (Class C/3)"]
[Site "?"]
[Date "1990.??.??"]
[Round "?"]
[White "Fletcher, G."]
[Black "Burnham, Kim"]
[Result "1/2-1/2"]
[WhiteElo "1605"]
[BlackElo "1605"]
[PlyCount "59"]
[EventDate "1990.??.??"]

1. d4 d5 2. c4 e6 3. Nc3 Nf6 4. Bd2 c5 5. e3 Nc6 6. Nf3 Bd6 7. Bd3 dxc4 8. Bxc4
cxd4 9. exd4 O-O 10. O-O Nxd4 11. Be3 Nc6 12. Qb3 Na5 13. Qa4 Nxc4 14. Qxc4 Qc7
15. Qe2 Ng4 16. h3 Nxe3 17. fxe3 Bd7 18. Rad1 Bc6 19. e4 f6 20. Rc1 Qb6+ 21.
Kh1 e5 22. Qc4+ Kh8 23. Nd5 Bxd5 24. Qxd5 Rac8 25. Nh4 Rc5 26. Rxc5 Bxc5 27.
Rc1 Be7 28. Nf5 Rd8 29. Nxe7 Rxd5 30. Nxd5 1/2-1/2

[Event "Lansing (MI Inv/3)"]
[Site "?"]
[Date "1990.??.??"]
[Round "?"]
[White "Finegold, Ron"]
[Black "Tsemekhman, Vadim"]
[Result "1/2-1/2"]
[WhiteElo "2215"]
[BlackElo "2325"]
[PlyCount "71"]
[EventDate "1990.??.??"]

1. c4 g6 2. Nc3 Bg7 3. e4 c5 4. d3 Nc6 5. Nf3 d6 6. Be2 Bg4 7. Be3 Bxf3 8. Bxf3
e6 9. Qd2 Nge7 10. O-O O-O 11. Bd1 a6 12. Bh6 e5 13. g4 Bxh6 14. Qxh6 Kh8 15.
Kh1 Ng8 16. Qe3 f6 17. f4 g5 18. fxg5 fxg5 19. Be2 Rf4 20. Nd5 Nge7 21. Nxf4
exf4 22. Qd2 Ng6 23. b4 Nge5 24. Rab1 Qc7 25. Qb2 Nd4 26. bxc5 dxc5 27. Bd1 b5
28. cxb5 axb5 29. Rc1 Qb6 30. Qc3 Rc8 31. Qxd4 cxd4 32. Rxc8+ Kg7 33. Be2 Qf6
34. Kg2 Qe6 35. Rfc1 Nf7 36. R1c7 1/2-1/2

[Event "Flint (MI Senior/1/2)"]
[Site "?"]
[Date "1990.??.??"]
[Round "?"]
[White "Finegold, Ron"]
[Black "Sujarit, P."]
[Result "1-0"]
[WhiteElo "2220"]
[BlackElo "1605"]
[PlyCount "65"]
[EventDate "1990.??.??"]

{1/(2)} 1. d4 Nf6 2. Nf3 d5 3. Bf4 Bf5 4. c4 c6 5. Qa4 e6 6. c5 Be7 7. h3 h6 8.
e3 Ne4 9. Be2 Nd7 10. O-O O-O 11. b4 b5 12. Qa6 Qc8 13. Qa3 f6 14. Nbd2 g5 15.
Bh2 Bg6 16. Nxe4 dxe4 17. Nd2 f5 18. f3 Nf6 19. fxe4 fxe4 20. Qb3 Nd5 21. Rxf8+
Bxf8 22. a4 a6 23. Qa3 h5 24. axb5 cxb5 25. Bxb5 a5 26. bxa5 g4 27. Bc4 gxh3
28. gxh3 Kh7 29. Bxd5 exd5 30. Qb3 Rb8 31. Qxb8 Qxh3 32. Qg3 Qxg3+ 33. Bxg3 1-0

[Event "Detroit (MI Op/6/11)"]
[Site "?"]
[Date "1990.??.??"]
[Round "?"]
[White "Finegold, Ron"]
[Black "Skidmore, Mike"]
[Result "1/2-1/2"]
[WhiteElo "2200"]
[BlackElo "1955"]
[PlyCount "102"]
[EventDate "1990.??.??"]

{6/(11)} 1. Nf3 d5 2. b3 Nf6 3. Bb2 Bf5 4. g3 h6 5. Bg2 e6 6. O-O Be7 7. c4 c6
8. d3 O-O 9. Qc1 Nbd7 10. Ba3 Rc8 11. Bxe7 Qxe7 12. Qa3 Qxa3 13. Nxa3 Rfe8 14.
Rfc1 Bg6 15. Kf1 Ng4 16. Bh3 h5 17. Kg1 f5 18. d4 Bh7 19. e3 Rf8 20. Ng5 Rf6
21. Rc3 Nh6 22. Bg2 Rd8 23. f4 Nf7 24. h4 Nxg5 25. hxg5 Rff8 26. c5 Bg6 27. Kf2
Bf7 28. b4 g6 29. Nc2 Kg7 30. Ne1 Be8 31. Nf3 Rb8 32. Bf1 b5 33. Ra3 Rb7 34.
Ra5 Nb8 35. a4 a6 36. axb5 axb5 37. Ne5 Bf7 38. Ra8 Re8 39. R1a7 Ree7 40. Rxb7
Rxb7 41. Ke1 Be8 42. Kd2 Kf8 43. Kc3 Ke7 44. Bd3 Kd8 45. Ra1 Kc7 46. Kb3 Kc8
47. g4 hxg4 48. Rh1 Rg7 49. Rh8 Kd8 50. Bf1 Kc7 51. Bg2 Kd8 1/2-1/2

[Event "Lansing (MI Inv/1)"]
[Site "?"]
[Date "1990.??.??"]
[Round "?"]
[White "Finegold, Ron"]
[Black "Mazuchowski, Tom"]
[Result "1-0"]
[WhiteElo "2215"]
[BlackElo "2240"]
[PlyCount "157"]
[EventDate "1990.??.??"]

1. Nf3 Nf6 2. c4 g6 3. Nc3 Bg7 4. e4 d6 5. d4 O-O 6. Be2 e5 7. Be3 h6 8. h3
Nbd7 9. O-O Re8 10. d5 Nc5 11. Qc2 a5 12. Bxc5 dxc5 13. Nh2 Nh7 14. Rfd1 f5 15.
d6 cxd6 16. Nb5 Ra6 17. Qd3 Bf8 18. exf5 gxf5 19. Bh5 Re6 20. Qg3+ Kh8 21. Bf7
Be7 22. Nc7 Rf6 23. Nxa6 Rxf7 24. Nxc5 Rg7 25. Qf3 Qg8 26. Qd5 dxc5 27. Qxg8+
Rxg8 28. Rd5 e4 29. Rad1 b6 30. b3 Be6 31. Rd6 Bxd6 32. Rxd6 Re8 33. Rxb6 f4
34. Rc6 a4 35. Rxc5 axb3 36. axb3 Ra8 37. Re5 Ra1+ 38. Nf1 Bf7 39. Rxe4 Bg6 40.
Rd4 Rb1 41. f3 Rxb3 42. Rxf4 Kg7 43. Rd4 Nf6 44. Nd2 Rd3 45. Rxd3 Bxd3 46. Kf2
Kf7 47. Ke3 Bc2 48. g4 Ke6 49. f4 Kd6 50. Kd4 Nd7 51. Ne4+ Ke7 52. h4 Kf7 53.
g5 Kg6 54. gxh6 Kxh6 55. Ng3 Kg6 56. c5 Ba4 57. Kd5 Nb8 58. Kd6 Kf6 59. h5 Nc6
60. Ne4+ Kf5 61. h6 Kg6 62. Nc3 Kxh6 63. Nxa4 Nd4 64. Ke5 Nc6+ 65. Kf6 Kh5 66.
Kf5 Kh6 67. Nb6 Kg7 68. Nd7 Nd4+ 69. Ke5 Nc6+ 70. Kd6 Na7 71. Ke6 Nc6 72. f5
Nd8+ 73. Ke7 Nc6+ 74. Ke8 Nd4 75. f6+ Kg6 76. f7 Ne6 77. f8=Q Nxf8 78. Nxf8+
Kf6 79. Kd7 1-0

[Event "Detroit (MI Op/2/10)"]
[Site "?"]
[Date "1990.??.??"]
[Round "?"]
[White "Finegold, Ron"]
[Black "Manion, Tom"]
[Result "1-0"]
[WhiteElo "2200"]
[BlackElo "1915"]
[PlyCount "52"]
[EventDate "1990.??.??"]

{2/(10)} 1. e4 Nf6 2. Nc3 d5 3. e5 Ne4 4. d4 Bf5 5. Nge2 e6 6. Nxe4 Bxe4 7. Ng3
Bg6 8. f4 c5 9. Bb5+ Nd7 10. f5 Qa5+ 11. c3 Qxb5 12. fxg6 hxg6 13. a4 Qc4 14.
Ne2 cxd4 15. cxd4 Bb4+ 16. Bd2 Nb6 17. a5 Bxd2+ 18. Qxd2 Na4 19. O-O Qb3 20.
Rfb1 O-O 21. Ra3 Qb5 22. b4 Rfc8 23. Rba1 Nb6 24. axb6 Qxb6 25. Rc3 Rc7 26.
Rac1 Qxb4 1-0

[Event "Detroit (RVO/2)"]
[Site "?"]
[Date "1990.??.??"]
[Round "?"]
[White "Finegold, Ron"]
[Black "Lewis, James"]
[Result "1-0"]
[WhiteElo "2150"]
[BlackElo "1790"]
[PlyCount "47"]
[EventDate "1990.??.??"]

1. e4 e5 2. Nf3 Nc6 3. Nc3 Bc5 4. Nxe5 Nxe5 5. d4 Bd6 6. dxe5 Bxe5 7. Bc4 d6 8.
Qd3 g6 9. Be3 Ne7 10. f4 Bg7 11. O-O-O Be6 12. Bxe6 fxe6 13. Qc4 Qd7 14. Bd4
Bxd4 15. Rxd4 a6 16. Rd2 O-O-O 17. Ne2 Nc6 18. Nd4 Nxd4 19. Qxd4 Kb8 20. c4
Rhf8 21. g3 Qc6 22. Rhd1 b6 23. b3 Rf7 24. Kb2 {[Remainder illeglible; 1-0,
60?]} 1-0

[Event "Flint (MI Senior/3/2)"]
[Site "?"]
[Date "1990.??.??"]
[Round "?"]
[White "Finegold, Ron"]
[Black "Hayes, R."]
[Result "0-1"]
[WhiteElo "2220"]
[BlackElo "1955"]
[PlyCount "116"]
[EventDate "1990.??.??"]

{3/(2)} 1. Nf3 Nf6 2. d4 d5 3. c4 e6 4. g3 c5 5. cxd5 Nxd5 6. Bg2 cxd4 7. O-O
Be7 8. Nxd4 O-O 9. e4 Nb4 10. Nc3 Bc5 11. Be3 e5 12. Ne6 Qxd1 13. Rfxd1 Bxe3
14. Nc7 Bd4 15. Nxa8 Bg4 16. a3 Bxd1 17. axb4 Bg4 18. Nc7 Nc6 19. N7d5 Re8 20.
h3 Bd7 21. Bf1 Ne7 22. Bb5 Bxb5 23. Nxb5 Nxd5 24. exd5 Bb6 25. Nd6 Rb8 26. b5
Kf8 27. Nc4 Bd4 28. Re1 f6 29. Kg2 Rc8 30. b3 Rc5 31. d6 Rxb5 32. Rd1 Rd5 33.
f4 b5 34. fxe5 fxe5 35. Nxe5 Rxd6 36. Rf1+ Ke8 37. Nf3 Bf6 38. g4 Rd3 39. g5
Bb2 40. Rb1 Bc3 41. Kf2 a5 42. Ke2 Rd5 43. Rc1 b4 44. h4 Kd7 45. Rc2 Ke6 46.
Ke3 Rd1 47. Ra2 Ra1 48. Re2 Ra3 49. Kd3+ Kd5 50. Re7 Rxb3 51. Rd7+ Kc6 52. Rf7
a4 53. Ke4 Rb1 54. h5 a3 55. Ra7 Kb6 56. Ra8 Rf1 57. h6 gxh6 58. gxh6 Rxf3 0-1

[Event "Lansing (MI Inv/5)"]
[Site "?"]
[Date "1990.??.??"]
[Round "?"]
[White "Finegold, Ron"]
[Black "Hahn, David"]
[Result "0-1"]
[WhiteElo "2215"]
[BlackElo "2225"]
[PlyCount "58"]
[EventDate "1990.??.??"]

1. d4 d6 2. c4 g6 3. g3 Bg7 4. Bg2 f5 5. e3 Nf6 6. Ne2 c6 7. Nbc3 O-O 8. O-O e5
9. b3 e4 10. d5 c5 11. Bb2 Nbd7 12. Nf4 Ne5 13. h4 Qe7 14. Qe2 Nfg4 15. Rfd1 g5
16. hxg5 Qxg5 17. Nh3 Qh6 18. Qf1 Nf3+ 19. Kh1 Ngh2 20. Qe2 f4 21. exf4 Bxh3
22. Nxe4 Bxb2 23. Ng5 Bg4 24. Qxb2 Nf1+ 25. Bh3 Bxh3 26. Nxf3 Rxf4 27. Qc1 Bg4+
28. Nh4 Bf3+ 29. Kg1 Rxh4 0-1

[Event "Lansing (MI Inv/7)"]
[Site "?"]
[Date "1990.??.??"]
[Round "?"]
[White "Finegold, Ron"]
[Black "Finegold, Mark"]
[Result "1/2-1/2"]
[WhiteElo "2215"]
[BlackElo "2245"]
[PlyCount "31"]
[EventDate "1990.??.??"]

1. d4 Nf6 2. Nf3 g6 3. Bf4 Bg7 4. e3 O-O 5. h3 d6 6. c3 Nbd7 7. Be2 Qe8 8. O-O
h6 9. Bh2 e5 10. Na3 a6 11. Nc4 Nh7 12. a4 Kh8 13. dxe5 dxe5 14. e4 f5 15. exf5
gxf5 16. Nh4 1/2-1/2

[Event "Detroit (MI Op/4/12)"]
[Site "?"]
[Date "1990.??.??"]
[Round "?"]
[White "Finegold, Ron"]
[Black "Conley, Steve"]
[Result "1-0"]
[WhiteElo "2200"]
[BlackElo "1975"]
[PlyCount "33"]
[EventDate "1990.??.??"]

{4/(12)} 1. Nf3 b6 2. c4 Bb7 3. Nc3 e6 4. e4 d6 5. d4 Nf6 6. Bd3 Be7 7. Qe2 c5
8. O-O O-O 9. Re1 cxd4 10. Nxd4 e5 11. Nf5 Re8 12. Bg5 h6 13. Bxf6 Bxf6 14. Bc2
Re6 15. c5 bxc5 16. Bb3 Bc8 17. Bd5 1-0

[Event "Detroit (RVO/4)"]
[Site "?"]
[Date "1990.??.??"]
[Round "?"]
[White "Finegold, Ron"]
[Black "Bailey, Greg"]
[Result "0-1"]
[WhiteElo "2150"]
[BlackElo "2105"]
[PlyCount "84"]
[EventDate "1990.??.??"]

1. Nf3 e6 2. g3 f5 3. Bg2 Nf6 4. d4 Be7 5. c4 c6 6. Nc3 d5 7. O-O O-O 8. c5 b6
9. cxb6 axb6 10. Ne5 c5 11. Bg5 Bb7 12. e3 Nc6 13. Bxf6 Bxf6 14. f4 Nxe5 15.
fxe5 Bg5 16. Rf3 Bc6 17. Ne2 c4 18. Nf4 Qe7 19. Rf2 Ra7 20. b3 b5 21. bxc4 bxc4
22. Rb2 Bxf4 23. gxf4 Ra3 24. Qc1 Rfa8 25. Rab1 Rxa2 26. Rxa2 Rxa2 27. Rb8+ Kf7
28. Rb6 Ba4 29. Qb1 Qa3 30. Bxd5 Ra1 31. Bxe6+ Ke7 32. Qxa1 Qxa1+ 33. Kg2 Bc2
34. Bd5 Be4+ 35. Bxe4 fxe4 36. d5 Qa7 37. Rc6 Qxe3 38. d6+ Ke6 39. Rc8 Qxf4 40.
Re8+ Kf7 41. Re7+ Kf8 42. h4 e3 0-1

[Event "Detroit (MI Op/4/11)"]
[Site "?"]
[Date "1990.??.??"]
[Round "?"]
[White "Finegold, Mark"]
[Black "Yahkind, Alex"]
[Result "0-1"]
[WhiteElo "2065"]
[BlackElo "2240"]
[PlyCount "60"]
[EventDate "1990.??.??"]

{4/(11)} 1. e4 c5 2. c3 e6 3. d4 cxd4 4. cxd4 d5 5. e5 Nc6 6. Nf3 f6 7. exf6
Nxf6 8. Nc3 Bd6 9. Bd3 a6 10. Bg5 O-O 11. O-O Qc7 12. Bh4 h6 13. Re1 Nh5 14.
Bg3 Nxg3 15. hxg3 g5 16. Qe2 Qg7 17. Qe3 g4 18. Nh4 Nxd4 19. Nd1 Bd7 20. Rb1 e5
21. Nc3 e4 22. Nxd5 exd3 23. Qxd3 Bb5 24. Qd1 Rae8 25. Rxe8 Rxe8 26. Qxg4 Qxg4
27. Nf6+ Kg7 28. Nxg4 Bc5 29. Ne3 Ne2+ 30. Kh2 Bxe3 0-1

[Event "Lansing (MI Inv/1)"]
[Site "?"]
[Date "1990.??.??"]
[Round "?"]
[White "Finegold, Mark"]
[Black "Rogers, Bradley"]
[Result "1-0"]
[WhiteElo "2245"]
[BlackElo "2225"]
[PlyCount "67"]
[EventDate "1990.??.??"]

1. e4 e6 2. d4 d5 3. Nd2 Nf6 4. e5 Nfd7 5. Bd3 c5 6. c3 Nc6 7. Ne2 Qb6 8. Nf3
cxd4 9. cxd4 f6 10. Nc3 fxe5 11. dxe5 g6 12. Be3 Bc5 13. Bxc5 Nxc5 14. Bb5 O-O
15. O-O a6 16. Bxc6 bxc6 17. Qd4 Nd7 18. Qg4 c5 19. Ne2 Rf5 20. Nh4 Nxe5 21.
Qg3 Nf7 22. Nxf5 exf5 23. b3 Bb7 24. Nf4 d4 25. Rfe1 Rd8 26. Re6 Qc7 27. Rxg6+
hxg6 28. Qxg6+ Kh8 29. Ne6 Qe5 30. Qxf7 d3 31. Qh5+ Kg8 32. Qg6+ Kh8 33. Rf1 d2
34. Nxd8 $138 1-0

[Event "Lansing (MI Inv/5)"]
[Site "?"]
[Date "1990.??.??"]
[Round "?"]
[White "Finegold, Mark"]
[Black "Noren, Kevin"]
[Result "1/2-1/2"]
[WhiteElo "2245"]
[BlackElo "2265"]
[PlyCount "43"]
[EventDate "1990.??.??"]

1. e4 c5 2. c3 e6 3. d4 d5 4. Nd2 cxd4 5. cxd4 dxe4 6. Nxe4 Bb4+ 7. Nc3 Nc6 8.
Be3 Nf6 9. Nf3 O-O 10. Be2 b6 11. O-O Bb7 12. Rc1 Rc8 13. Qa4 Nd5 14. Bg5 Qd6
15. Ba6 Bxa6 16. Qxa6 Bxc3 17. bxc3 Na5 18. c4 Nc7 19. Qxa7 Ra8 20. c5 Rxa7 21.
cxd6 Nd5 22. Bh4 1/2-1/2

[Event "Flint (MEX/2)"]
[Site "?"]
[Date "1990.??.??"]
[Round "?"]
[White "Finegold, Mark"]
[Black "Karklins, A."]
[Result "0-1"]
[WhiteElo "2195"]
[BlackElo "2400"]
[PlyCount "88"]
[EventDate "1990.??.??"]

1. e4 c5 2. c3 d5 3. exd5 Qxd5 4. d4 Nc6 5. Nf3 Nf6 6. Be2 e6 7. O-O Be7 8. c4
Qd8 9. dxc5 Qxd1 10. Rxd1 Ne4 11. Be3 Nb4 12. Ne1 Bxc5 13. Nd2 Bxe3 14. Nxe4
Bb6 15. a3 Nc6 16. c5 Bc7 17. Nf3 Ke7 18. b4 Rd8 19. Rxd8 Nxd8 20. Kf1 Bd7 21.
Rc1 Rc8 22. b5 f5 23. Ned2 e5 24. b6 Bxb6 25. Nxe5 Rxc5 26. Rxc5 Bxc5 27. Nb1
Be6 28. Bd3 Nc6 29. Nf3 Kf6 30. Nfd2 Ne5 31. Be2 Ke7 32. h3 a6 33. f4 Nc6 34.
Bd3 b5 35. Ke2 g6 36. g3 a5 37. Nf3 b4 38. axb4 axb4 39. Bb5 Nd4+ 40. Nxd4 Bxd4
41. Nd2 b3 42. Ba4 b2 43. Bc2 h5 44. Bb1 Bd5 0-1

[Event "Flint (MEX/4)"]
[Site "?"]
[Date "1990.??.??"]
[Round "?"]
[White "Finegold, Mark"]
[Black "Hickey, Gene"]
[Result "1-0"]
[WhiteElo "2195"]
[BlackElo "2000"]
[PlyCount "79"]
[EventDate "1990.??.??"]

1. e4 e5 2. Nf3 d5 3. exd5 e4 4. Ne5 Qxd5 5. d4 exd3 6. Nxd3 Nf6 7. Nc3 Qd8 8.
Be2 Be7 9. O-O O-O 10. Bf4 c6 11. Ne5 Qxd1 12. Rfxd1 Bf5 13. Bd3 Bxd3 14. Rxd3
Na6 15. Nc4 Rad8 16. Rxd8 Bxd8 17. a3 b6 18. Rd1 Bc7 19. Bxc7 Nxc7 20. Ne5 c5
21. Nd7 Re8 22. Nxf6+ gxf6 23. Kf1 Re7 24. f3 Kg7 25. Ne4 Ne6 26. Ng3 Kg6 27.
h4 h5 28. Rd5 Nf4 29. Rd8 Kh7 30. Ne4 Kg7 31. Kf2 Ne6 32. Rd5 Kg6 33. g3 Nc7
34. Rd8 Ne8 35. c4 f5 36. Nc3 Nf6 37. Ne2 Kh7 38. Nf4 Kg7 39. Rd6 Rc7 40. Rxf6
1-0

[Event "Lansing (MI Inv/3)"]
[Site "?"]
[Date "1990.??.??"]
[Round "?"]
[White "Finegold, Mark"]
[Black "Cunningham, R."]
[Result "1/2-1/2"]
[WhiteElo "2245"]
[BlackElo "2175"]
[PlyCount "60"]
[EventDate "1990.??.??"]

1. e4 c6 2. Nc3 d5 3. Nf3 Bg4 4. h3 Bh5 5. exd5 cxd5 6. Bb5+ Nc6 7. g4 Bg6 8.
Ne5 Rc8 9. d4 e6 10. h4 f6 11. Nxg6 hxg6 12. Qd3 Kf7 13. Bxc6 Rxc6 14. Ne2 Bd6
15. Bf4 Ne7 16. c3 Bxf4 17. Nxf4 g5 18. Ng2 gxh4 19. Rxh4 Rxh4 20. Nxh4 Qh8 21.
Qg3 g5 22. Nf3 Qh1+ 23. Ng1 Qe4+ 24. Kd2 Ng6 25. Re1 Qf4+ 26. Qxf4 Nxf4 27. Ne2
Nxe2 28. Kxe2 Ra6 29. Ra1 b5 30. Kd3 e5 1/2-1/2

[Event "Detroit (MI Op/3/15)"]
[Site "?"]
[Date "1990.??.??"]
[Round "?"]
[White "Finegold, Mark"]
[Black "Brattin, Vincent"]
[Result "1-0"]
[WhiteElo "2240"]
[BlackElo "1930"]
[PlyCount "79"]
[EventDate "1990.??.??"]

{3/(15)} 1. c4 c6 2. e4 d5 3. exd5 cxd5 4. d4 Nf6 5. Nc3 g6 6. Qb3 Bg7 7. cxd5
O-O 8. Be2 Nbd7 9. Bf3 Nb6 10. Nge2 Bf5 11. O-O Bd3 12. Qd1 Bxe2 13. Qxe2 Nfxd5
14. Bg5 Qd7 15. Rfd1 e6 16. Ne4 Qa4 17. Nc5 Qc4 18. Qe4 Na4 19. Nxe6 Nac3 20.
bxc3 Nxc3 21. Qd3 Qxd3 22. Rxd3 fxe6 23. Rxc3 Bxd4 24. Rac1 Bxc3 25. Rxc3 Rac8
26. Ra3 Rc5 27. h4 Rff5 28. Rxa7 Ra5 29. Rxb7 Rxa2 30. Bh6 Ra6 31. Rg7+ Kh8 32.
Re7 Kg8 33. Bg4 Re5 34. Re8+ Kf7 35. Rh8 Re1+ 36. Kh2 Rf1 37. f3 Ra2 38. Rxh7+
Kf6 39. f4 g5 40. hxg5+ 1-0

[Event "Lansing (Feb)"]
[Site "?"]
[Date "1990.??.??"]
[Round "?"]
[White "Finegold, Mark"]
[Black "Brattin, Vincent"]
[Result "1-0"]
[WhiteElo "2195"]
[BlackElo "2005"]
[PlyCount "87"]
[EventDate "1990.??.??"]

1. e4 c6 2. Nc3 d5 3. Nf3 Bg4 4. h3 Bxf3 5. Qxf3 e6 6. d3 Bd6 7. Bd2 Qf6 8. Qd1
Bc5 9. Qe2 dxe4 10. Nxe4 Qxb2 11. Qd1 Qa3 12. Rb1 b6 13. Rb3 Qxa2 14. Nc3 Bxf2+
15. Kxf2 Qa6 16. Ne4 Ne7 17. Be2 O-O 18. Rf1 Qc8 19. Kg1 Qd7 20. Qe1 Ng6 21.
Bc3 e5 22. Ng3 f6 23. Bg4 Qd8 24. Kh1 Na6 25. Rb1 Nc7 26. Bd2 Rb8 27. Qe4 Qd5
28. Bf5 Qxe4 29. Bxe4 Ne7 30. Nf5 Nxf5 31. Rxf5 Nd5 32. Rff1 Ne7 33. Ra1 a5 34.
Rfb1 Rfd8 35. Be3 c5 36. g4 Ng6 37. Rb5 Nf8 38. Rab1 Nd7 39. Bc6 Kf7 40. Bxd7
Rxd7 41. Bxc5 Ra7 42. Bxb6 Rab7 43. c4 Ke6 44. Bxa5 1-0

[Event "Detroit (MI Op/6/21)"]
[Site "?"]
[Date "1990.??.??"]
[Round "?"]
[White "Finegold, Mark"]
[Black "Brady, Lindell"]
[Result "1-0"]
[WhiteElo "2240"]
[BlackElo "1930"]
[PlyCount "75"]
[EventDate "1990.??.??"]

{6/(21)} 1. e4 e5 2. Nf3 Nc6 3. Nc3 Nf6 4. d4 exd4 5. Nd5 Be7 6. Bf4 d6 7. Nxd4
Nxd4 8. Qxd4 O-O 9. O-O-O Nxd5 10. exd5 Bf6 11. Qd2 Bf5 12. Bd3 Bxd3 13. Qxd3
b5 14. h4 g6 15. h5 Bh8 16. Be3 Qf6 17. Bd4 Qxd4 18. Qxd4 Bxd4 19. Rxd4 Rae8
20. Rb4 a6 21. a4 Re5 22. axb5 Rxd5 23. c4 Rc5 24. bxa6 Ra5 25. Re1 Rxa6 26.
Re7 Rc6 27. Kd2 Rd8 28. hxg6 hxg6 29. Rb7 Rc8 30. Kd3 Kf8 31. Re2 Rd8 32. b4
Rd7 33. Kd4 d5 34. c5 Rf6 35. b5 Rf4+ 36. Kd3 Rb4 37. b6 Rd8 38. bxc7 1-0

[Event "Groningen op"]
[Site "Groningen"]
[Date "1990.??.??"]
[Round "8"]
[White "Finegold, Ben"]
[Black "Voekler, Bernd"]
[Result "1-0"]
[WhiteElo "2490"]
[BlackElo "2340"]
[PlyCount "77"]
[EventDate "1990.12.??"]

1. d4 Nf6 2. c4 e5 3. dxe5 Ne4 4. Qc2 Bb4+ 5. Nd2 d5 6. Ngf3 Nc6 7. e3 Bg4 8.
cxd5 Bxf3 9. dxc6 Qh4 10. g3 Nxg3 11. fxg3 Qh6 12. Qb3 O-O 13. Rg1 Bxd2+ 14.
Bxd2 Qxh2 15. e4 Qxg1 16. Qxf3 Qb6 17. Qc3 Rad8 18. Be3 Qxc6 19. Qxc6 bxc6 20.
Rc1 Rfe8 21. Rc5 Re6 22. Bh3 Ree8 23. e6 fxe6 24. Rxc6 Rd6 25. Rxc7 Rb8 26. Bf4
Ra6 27. Be5 Rb4 28. Bc3 Rxe4+ 29. Kf2 g5 30. Kf3 Rea4 31. Bg4 Rd6 32. Be5 h5
33. Bxh5 Rd3+ 34. Kf2 Rd8 35. Bf7+ Kf8 36. Bxe6 Rd2+ 37. Ke3 Rd1 38. Rc3 Rg1
39. Kf2 1-0

[Event "Detroit (RVO/2)"]
[Site "?"]
[Date "1990.??.??"]
[Round "?"]
[White "Fiedler, Robert"]
[Black "Nissani, E."]
[Result "1/2-1/2"]
[WhiteElo "1750"]
[BlackElo "1605"]
[PlyCount "116"]
[EventDate "1990.??.??"]

1. e4 e6 2. d4 d5 3. Nc3 Bb4 4. e5 c5 5. a3 Bxc3+ 6. bxc3 Ne7 7. Bg5 Nbc6 8.
Nf3 Qc7 9. Be2 cxd4 10. cxd4 Nf5 11. O-O Bd7 12. c3 h6 13. Bf4 O-O-O 14. Rb1 g5
15. Bc1 g4 16. Ne1 Rdg8 17. Bxg4 Rg7 18. Bxf5 exf5 19. f4 Na5 20. Rf2 Nc4 21.
Nd3 Rhg8 22. Nc5 b6 23. Nxd7 Qxd7 24. Qb3 Qe6 25. Qb5 Kb7 26. a4 Rg4 27. Ra1 a5
28. Raa2 h5 29. Rf3 h4 30. g3 hxg3 31. hxg3 Rxg3+ 32. Rxg3 Rxg3+ 33. Rg2 Rxc3
34. Bb2 Nxb2 35. Qxb2 Rc4 36. Qa1 Qc6 37. Qa3 Qd7 38. Rg7 Rxd4 39. Qf8 Ka6 40.
Rxf7 Qxa4 41. Qc8+ Kb5 42. Qd7+ Kb4 43. Qxa4+ Kxa4 44. Rxf5 b5 45. e6 Re4 46.
Re5 Rxf4 47. e7 Rg4+ 48. Kf2 Rg8 49. e8=Q Rxe8 50. Rxe8 b4 51. Ke2 Kb3 52. Re3+
Kb2 53. Rd3 b3 54. Rxd5 a4 55. Rd2+ Kb1 56. Kd3 a3 57. Kc3 b2 58. Kb3 Ka1
1/2-1/2

[Event "Detroit (MOR/5/20)"]
[Site "?"]
[Date "1990.??.??"]
[Round "?"]
[White "Fiedler, Robert"]
[Black "Nikitin, Mike"]
[Result "1/2-1/2"]
[WhiteElo "1720"]
[BlackElo "1605"]
[PlyCount "60"]
[EventDate "1990.??.??"]

{5/(20)} 1. d4 Nf6 2. Nc3 d5 3. Nf3 e6 4. a3 c5 5. e3 Nc6 6. Be2 b6 7. Bb5 Bb7
8. O-O Bd6 9. Ne2 O-O 10. c3 Qc7 11. h3 c4 12. Ng3 Bxg3 13. fxg3 Qxg3 14. Bxc6
Bxc6 15. Ne5 Be8 16. Rf3 Qh4 17. Bd2 Ne4 18. Be1 Qe7 19. Rf4 f6 20. Ng4 g5 21.
Rf1 h5 22. Nh2 Bg6 23. Nf3 Kg7 24. Nd2 Rh8 25. Nxe4 Bxe4 26. h4 g4 27. Bg3 b5
28. Rf2 Rhf8 29. Rf4 f5 30. Rf2 Kg6 1/2-1/2